| 000 | 00784nam a2200217Ia 4500 | ||
|---|---|---|---|
| 001 | 11829 | ||
| 003 | GE_BSU | ||
| 008 | 181216s||||||||xx |||||||||||||| ||und|| | ||
| 040 | _cGE_BSU | ||
| 080 | _a37.01(479.22)(092გოგებაშვილი)+39(=353.1)+913(479.223)+061.23:37(479.22)(09) | ||
| 100 | _aგობრონიძე,ალექსანდრე | ||
| 245 | _aიაკობ გოგებაშვილი და აჭარა | ||
| 245 | _cრედ. ი.ბიბილეიშვილი | ||
| 260 | _aბათუმი | ||
| 260 | _bაჭარა | ||
| 260 | _c2000 | ||
| 300 | _a294გვ.20სმ. | ||
| 300 | _b1ფ.პორტრ. | ||
| 653 | _aიაკობ გოგებაშვილი და აჭარა | ||
| 942 | _cBK | ||
| 999 |
_c45008 _d45008 |
||